| 000 | 00929namaa2200289 a 4500 | ||
|---|---|---|---|
| 001 | vtls000979744 | ||
| 003 | NLI | ||
| 005 | 20210627100430.0 | ||
| 008 | 120209s1970 sz i000 0 eng | ||
| 039 | 9 |
_y201202091919 _zVLOAD |
|
| 040 |
_aNLI _cVTLS-2010_FOD _eAACR2 |
||
| 041 | 0 | _aeng | |
| 044 | _adcu | ||
| 082 | 0 | 4 | _a016.34123 |
| 245 | 0 | 0 | _aUnited Nations. Library. Liste mensuelle d'ouvrages catalogués à la Biliothèque de la Nations Unis. Monthly list of books catalogued in the Library of the United nations |
| 260 |
_aSwitzerland : _bThe Association, _c1970 |
||
| 300 |
_aVarious pagings ; _c18 cm. |
||
| 500 | _a43rd year June No.6 | ||
| 650 | 0 |
_aBibliography _xList |
|
| 650 | 0 | _aCatalouges | |
| 710 | 2 | _aLibrary of the League of Nations | |
| 887 | _a | ||
| 901 |
_aUN-36409 _b16.07.2010 |
||
| 902 | _aU.N 016.34123 Un 3 | ||
| 949 |
_AVIRTUAITEM _D10000 _X100 _6UNX000036409ENG |
||
| 942 |
_2ddc _cBKS |
||
| 999 |
_c802466 _d802466 |
||